000 01104nam a22002537a 4500
001 9141
003 FISKH
005 20251125113438.0
008 251125b cb ||||| |||| 00| 0 eng d
040 _aFISKH
_beng
_cFISKH
_dFISKH
050 _aPN1997.5
082 _a791.43
100 _aAnonymous
245 _aMonsters, inc. /
260 _aNew York :
_bAutumn Publishing,
_c2018.
300 _a24 unnumbered pages :
_bcolor illustrations ;
_c20 cm
505 _aJ
520 _aMonsters James P. Sullivan (Sully) and his partner Mike Wazowski work for Monsters, Inc., a utility company that collects children's screams to generate energy for the city Monstropolis. One night, Sully, the top scream-generator, and Mike accidentally let a human girl through her closet door into Monstropolis. They work to return the little girl to her own world, while the CEO of Monsters, Inc. tries to capture her in order to collect more scream energy.
521 8 _a500
_bLexile estimate
521 8 _aJ
_bRaz-Plus
650 _aAnimation
_vDisney
_xComedy
942 _2ddc
_cBK
_n0
999 _c9141
_d9141